| 000 | 00891nam a2200325Ia 4500 | ||
|---|---|---|---|
| 001 | Z_5982 | ||
| 003 | CHAP | ||
| 008 | 220113s9999 xx 000 0 und d | ||
| 010 | _a169195 | ||
| 020 | _a84-8476-225-4 | ||
| 040 | _cCHAP | ||
| 082 | _a631.587 T37 | ||
| 100 |
_aTarjuelo Martín-Benito, José María _9111702 |
||
| 245 |
_aEl riego por aspersión y su tecnología / _cJosé María Tarjuelo Martín-Benito |
||
| 250 | _a3a ed. | ||
| 260 |
_aEspaña : _bMundi-Prensa, _c |
||
| 300 | _a581 p. | ||
| 500 | _aTercera edición revisada y ampliada | ||
| 503 | _aej.1: C/E \ ej.2: consumo | ||
| 504 | _aIncluye bibliografía | ||
| 650 |
_aManejo de la irrigación _9143611 |
||
| 650 |
_aRiego por aspersión _997375 |
||
| 650 |
_aSistemas de riego _9106772 |
||
| 901 | _a631.587 T37 | ||
| 902 | _aM | ||
| 910 | _a | ||
| 942 | _c1 | ||
| 942 | _cc1 | ||
| 999 |
_c169195 _d169195 |
||